[Event "RUS-ch Higher League (Women) 75th"]
[Site "Lipetsk"]
[Date "2025.07.01"]
[Round "5"]
[White "Afonasieva, Anna"]
[Black "Kleymenova, Valeria"]
[Result "1/2-1/2"]
[WhiteElo "2136"]
[BlackElo "2204"]
[PlyCount "124"]
[EventDate "2025.06.26"]
[EventType "swiss"]
[EventRounds "9"]
[EventCountry "RUS"]
[SourceTitle "CB28_2025"]
[SourceDate "2025.07.09"]
[SourceVersion "1"]
[SourceVersionDate "2025.07.09"]
[SourceQuality "1"]

1. d4 Nf6 2. Nf3 e6 3. Bf4 b6 4. e3 Be7 5. h3 0-0 6. Bd3 c5 7. c3 Ba6 8. Bxa6 Nxa6 9. 0-0 d6 10. Nbd2 cxd4 11. exd4 Nc7 12. a4 Ncd5 13. Bh2 Qd7 14. Qe2 a6 15. Rfc1 Rfc8 16. Ne1 b5 17. axb5 axb5 18. Nd3 Nb6 19. Nb4 Nfd5 20. Nxd5 Nxd5 21. Nf3 Qc6 22. Bg3 h6 23. Nd2 Bg5 24. h4 Bf4 25. Qd3 e5 26. Re1 Re8 27. dxe5 dxe5 28. Rad1 Rad8 29. Bxf4 Nxf4 30. Qf3 Qxf3 31. Nxf3 f6 32. g3 Ne6 33. Ra1 Nc5 34. Ra5 Nd3 35. Re2 b4 36. cxb4 Nxb4 37. h5 Rd1+ 38. Kg2 Rb8 39. Rd2 Rxd2 40. Nxd2 Nc6 41. Rc5 Nd4 42. Nc4 Ne6 43. Rc6 Nd4 44. Rc7 Ne6 45. Ra7 Nd4 46. Kf1 Rc8 47. Ra4 Rc7 48. Ke1 Kf7 49. Kd2 Ke7 50. Kc3 Nb5+ 51. Kb4 Rb7 52. Kc5 Nd4 53. Kd5 Ne6 54. Nd6 Rd7 55. Ra7 Rxa7 56. Nc8+ Kd7 57. Nxa7 Nd4 58. f4 Nf5 59. fxe5 fxe5 60. g4 Ne3+ 61. Kxe5 Nxg4+ 62. Kf5 Nf6 1/2-1/2

[Event "RUS-ch Higher League (Women) 75th"]
[Site "Lipetsk"]
[Date "2025.06.28"]
[Round "3"]
[White "Kleymenova, Valeria"]
[Black "Bruyatskaya, Marina"]
[Result "1-0"]
[WhiteElo "2204"]
[BlackElo "2103"]
[PlyCount "167"]
[EventDate "2025.06.26"]
[EventType "swiss"]
[EventRounds "9"]
[EventCountry "RUS"]
[SourceTitle "CB28_2025"]
[SourceDate "2025.07.09"]
[SourceVersion "1"]
[SourceVersionDate "2025.07.09"]
[SourceQuality "1"]

1. d4 d5 2. c4 e6 3. Nf3 a6 4. cxd5 exd5 5. Nc3 c6 6. Qb3 Be7 7. e4 Nf6 8. e5 Ne4 9. Bd3 f5 10. exf6 Nxf6 11. 0-0 0-0 12. Bg5 Nbd7 13. Rae1 Bd6 14. Ne4 Qc7 15. Nxd6 Qxd6 16. Ne5 c5 17. Nxd7 Bxd7 18. dxc5 Qxc5 19. Rc1 Qa7 20. Bxf6 Rxf6 21. Qxd5+ Be6 22. Qe4 Bf5 23. Qc4+ Be6 24. Qh4 Rh6 25. Qb4 b5 26. a3 Rf8 27. Qc5 Qf7 28. Qe5 Rh5 29. Qe3 Bd5 30. Be4 Bxe4 31. Qxe4 Rf5 32. f3 Re8 33. Qg4 Qa7+ 34. Kh1 Rfe5 35. f4 Re4 36. Rcd1 Qe7 37. h3 Qf6 38. Rd2 Rd4 39. Rc2 Qd6 40. Rc8 Rxc8 41. Qxc8+ Kf7 42. Qf5+ Kg8 43. Re1 g6 44. Qc8+ Kg7 45. f5 Rc4 46. Qe8 Rc7 47. fxg6 hxg6 48. Qe6 Rc6 49. Qe2 Rc7 50. Qe6 Rc6 51. Qxd6 Rxd6 52. Re2 Kf6 53. Kh2 b4 54. a4 b3 55. Re3 Rd4 56. Rxb3 Rxa4 57. Ra3 Rb4 58. Rxa6+ Kf5 59. Ra5+ Kf6 60. Ra2 Rb3 61. Kg1 Kg5 62. Kf1 Kh5 63. Ke1 Rg3 64. b4 Rb3 65. Ra5+ g5 66. Rb5 Kh4 67. Kf2 Kh5 68. Rb6 Rb2+ 69. Kg3 Rb3+ 70. Kh2 Rb2 71. b5 g4 72. hxg4+ Kxg4 73. Rb8 Kf5 74. b6 Kf6 75. Kg3 Kg7 76. Kf3 Rd2 77. g3 Rd1 78. Ke4 Rd2 79. Rc8 Rb2 80. Rb8 Rd2 81. Ke5 Rd3 82. g4 Rd1 83. Rc8 Rb1 84. Rc6 1-0

[Event "RUS-chT (Women)"]
[Site "Sochi"]
[Date "2025.04.30"]
[Round "5.2"]
[White "Kleymenova, Valeria"]
[Black "Pogonina, Natalija"]
[Result "0-1"]
[WhiteElo "2143"]
[BlackElo "2371"]
[PlyCount "162"]
[EventDate "2025.04.26"]
[EventType "team-swiss"]
[EventRounds "9"]
[EventCountry "RUS"]
[SourceTitle "CB19_2025"]
[SourceDate "2025.05.07"]
[SourceVersion "1"]
[SourceVersionDate "2025.05.07"]
[SourceQuality "1"]
[WhiteTeam "Novosibirsk GAU (W)"]
[BlackTeam "Sverdlovsk Region (W)"]
[WhiteTeamCountry "RUS"]
[BlackTeamCountry "RUS"]

1. c4 e6 2. g3 d5 3. Bg2 Nf6 4. Nf3 dxc4 5. Qa4+ Bd7 6. Qxc4 c5 7. Ne5 Qc8 8. Qd3 Nc6 9. Nxd7 Nxd7 10. Nc3 Be7 11. b3 Nde5 12. Qe3 0-0 13. Bb2 Ng4 14. Qf4 f5 15. Rc1 g5 16. Qa4 Qd7 17. d3 Rac8 18. 0-0 a6 19. Rfd1 Rc7 20. e3 Qc8 21. d4 cxd4 22. exd4 b5 23. Nxb5 axb5 24. Qxb5 Nxd4 25. Qd3 Nc2 26. h3 Nf6 27. Qe2 Kf7 28. Bf3 Nd4 29. Bh5+ Kg8 30. Qe3 Nxh5 31. Qxd4 Nf6 32. Qb6 Nd5 33. Qb5 Bf6 34. Ba3 Rd8 35. Rxc7 Nxc7 36. Rxd8+ Qxd8 37. Qc6 Kf7 38. Bc5 Be7 39. b4 Bxc5 40. Qxc5 Nd5 41. b5 Qa5 42. Qc4 h5 43. a4 g4 44. hxg4 hxg4 45. Qd4 Qc7 46. Qh8 Ke7 47. Qg7+ Kd6 48. Qf8+ Kd7 49. Qg7+ Kd6 50. Qf8+ Ke5 51. Qh8+ Ke4 52. Qa1 Qa5 53. Kg2 f4 54. Qb1+ Ke5 55. Qb2+ Kf5 56. Qc2+ Kg5 57. gxf4+ Nxf4+ 58. Kg3 Qb4 59. Qd1 Qc3+ 60. f3 Nd3 61. fxg4 Ne5+ 62. Kg2 Nxg4 63. Qd8+ Kf5 64. Qf8+ Nf6 65. Qa8 Kg4 66. Kh2 Qe5+ 67. Kg1 Qe3+ 68. Kf1 Kf4 69. Qf8 Kf5 70. Qa8 Ne4 71. Qf8+ Ke5 72. Qg7+ Kd6 73. Qf8+ Kd5 74. Qf7 Qc1+ 75. Ke2 Qc2+ 76. Kf1 Qxa4 77. Qd7+ Ke5 78. Qc7+ Kf5 79. Qh7+ Kg4 80. Qg6+ Ng5 81. Qb1 Qc4+ 0-1

[Event "RUS-chT (Women)"]
[Site "Sochi"]
[Date "2025.04.29"]
[Round "4.2"]
[White "Kleymenova, Valeria"]
[Black "Bivol, Alina"]
[Result "1/2-1/2"]
[WhiteElo "2143"]
[BlackElo "2358"]
[PlyCount "73"]
[EventDate "2025.04.26"]
[EventType "team-swiss"]
[EventRounds "9"]
[EventCountry "RUS"]
[SourceTitle "CB19_2025"]
[SourceDate "2025.05.07"]
[SourceVersion "1"]
[SourceVersionDate "2025.05.07"]
[SourceQuality "1"]
[WhiteTeam "Novosibirsk GAU (W)"]
[BlackTeam "Moscow Sbornaya (W)"]
[WhiteTeamCountry "RUS"]
[BlackTeamCountry "RUS"]

1. Nf3 Nf6 2. g3 b6 3. Bg2 Bb7 4. 0-0 g6 5. d4 Bg7 6. c4 0-0 7. d5 Na6 8. Nc3 Nc5 9. Nd4 e5 10. Nc2 a5 11. b3 d6 12. Bb2 Ne8 13. e4 f5 14. f4 fxe4 15. Nxe4 exf4 16. Nd4 Nxe4 17. Ne6 Qe7 18. Bxg7 Nxg7 19. Nxf8 fxg3 20. Qd4 gxh2+ 21. Kxh2 Ng3 22. Kxg3 Rxf8 23. Rxf8+ Qxf8 24. Kh2 Bc8 25. Re1 Bd7 26. Kg1 Nf5 27. Qf4 Qf6 28. Rf1 Kg7 29. Bh3 h5 30. Bxf5 Bxf5 31. Re1 Bd7 32. Qe3 Qf5 33. Qd4+ Kg8 34. Qh4 Kg7 35. Qd4+ Kg8 36. Qh4 Kg7 37. Qd4+ 1/2-1/2

[Event "RUS-chT (Women)"]
[Site "Sochi"]
[Date "2025.04.28"]
[Round "3.2"]
[White "Kirchei, Viktoriia"]
[Black "Kleymenova, Valeria"]
[Result "0-1"]
[WhiteElo "2058"]
[BlackElo "2143"]
[PlyCount "62"]
[EventDate "2025.04.26"]
[EventType "team-swiss"]
[EventRounds "9"]
[EventCountry "RUS"]
[SourceTitle "CB19_2025"]
[SourceDate "2025.05.07"]
[SourceVersion "1"]
[SourceVersionDate "2025.05.07"]
[SourceQuality "1"]
[WhiteTeam "Moscow ShSM (W)"]
[BlackTeam "Novosibirsk GAU (W)"]
[WhiteTeamCountry "RUS"]
[BlackTeamCountry "RUS"]

1. Nf3 g6 2. g3 Bg7 3. d4 d6 4. c4 Nc6 5. d5 Nb8 6. Nc3 e5 7. dxe6 Bxe6 8. Nd4 Bd7 9. Bg2 Nc6 10. Be3 Ne5 11. Qb3 Ne7 12. h3 N7c6 13. Nxc6 bxc6 14. Bd4 Nd3+ 15. exd3 Bxd4 16. 0-0 0-0 17. Qc2 Rb8 18. Rab1 Qf6 19. Kh2 Rfe8 20. f4 Qg7 21. Rfe1 h6 22. Rxe8+ Rxe8 23. Ne2 Re3 24. Nxd4 Qxd4 25. Rd1 Bf5 26. Qb3 Re2 27. Qb8+ Kg7 28. Qxc7 Bxd3 29. Rg1 Be4 30. f5 Qxb2 31. f6+ Qxf6 0-1

[Event "RUS-ch U20 Girls"]
[Site "Barnaul"]
[Date "2025.03.29"]
[Round "8"]
[White "Khafizova, Diana"]
[Black "Kleymenova, Valeria"]
[Result "1/2-1/2"]
[WhiteElo "2087"]
[BlackElo "2143"]
[PlyCount "128"]
[EventDate "2025.03.22"]
[EventType "tourn"]
[EventRounds "9"]
[EventCountry "RUS"]
[SourceTitle "CB14_2025"]
[SourceDate "2024.11.01"]
[SourceVersion "1"]
[SourceVersionDate "2024.11.01"]
[SourceQuality "1"]

1. d4 Nf6 2. c4 e6 3. Nf3 d5 4. Nc3 dxc4 5. e4 Bb4 6. Bxc4 Nxe4 7. 0-0 Nf6 8. Qa4+ Nc6 9. Bb5 Bd6 10. d5 exd5 11. Re1+ Kf8 12. Bg5 Be6 13. Bxc6 bxc6 14. Qxc6 Bd7 15. Qb7 c6 16. Bxf6 gxf6 17. Rad1 Qc8 18. Qb3 Rb8 19. Qc2 Bg4 20. Nd4 Bxd1 21. Nxd1 Rg8 22. Ne3 Rg6 23. Nef5 Qc7 24. h4 h5 25. Nxd6 Qxd6 26. Nf5 Qb4 27. Re3 Qc4 28. Qd2 Qg4 29. Ng3 Re8 30. Rxe8+ Kxe8 31. Qe3+ Qe6 32. Qxa7 Rg4 33. Qa8+ Ke7 34. Qa3+ Kd7 35. Qa7+ Kd6 36. Qb8+ Ke7 37. Qa7+ Kf8 38. Qb8+ Kg7 39. Nxh5+ Kh7 40. g3 Qf5 41. Nf4 Qe5 42. Qb4 Rg8 43. Qb7 Rg7 44. Kh2 Qd4 45. Nh3 c5 46. Qd7 Qe5 47. a4 c4 48. a5 Qe6 49. Qb7 d4 50. a6 d3 51. a7 Rg8 52. Nf4 Qe8 53. a8Q Qxa8 54. Qxf7+ Rg7 55. Qxc4 Rd7 56. Qe6 Qd8 57. Qf5+ Kh8 58. Ne6 Qe7 59. Nf8 Qxf8 60. Qxd7 Qc5 61. Qxd3 Qxf2+ 62. Kh3 Qxb2 63. Qg6 Qf2 64. h5 Qf1+ 1/2-1/2

[Event "RUS-ch U20 Girls"]
[Site "Barnaul"]
[Date "2025.03.23"]
[Round "2"]
[White "Kleymenova, Valeria"]
[Black "Tabermakova, Leila"]
[Result "1-0"]
[WhiteElo "2143"]
[BlackElo "2082"]
[PlyCount "131"]
[EventDate "2025.03.22"]
[EventType "tourn"]
[EventRounds "9"]
[EventCountry "RUS"]
[SourceTitle "CB14_2025"]
[SourceDate "2024.11.01"]
[SourceVersion "1"]
[SourceVersionDate "2024.11.01"]
[SourceQuality "1"]

1. d4 Nf6 2. c4 g6 3. Nc3 Bg7 4. e4 d6 5. h3 e5 6. dxe5 dxe5 7. Qxd8+ Kxd8 8. Nf3 Nbd7 9. Be3 c6 10. 0-0-0 Kc7 11. c5 Re8 12. Bc4 Re7 13. Ng5 Bh6 14. Ne6+ Rxe6 15. Bxh6 Nxc5 16. Bxe6 Bxe6 17. f3 a5 18. Be3 Ncd7 19. Rd2 a4 20. f4 Ra5 21. Rhd1 Nc5 22. f5 gxf5 23. exf5 Bd5 24. Bg5 Nce4 25. Bxf6 Nxf6 26. g4 h6 27. Re1 Bf3 28. Kc2 e4 29. Rd4 Re5 30. Rxa4 h5 31. g5 Nd5 32. Nxe4 Nb6 33. Rd4 c5 34. Nd2 Rxe1 35. Nxf3 Rf1 36. Rd3 c4 37. Ra3 Kd6 38. h4 Nd5 39. g6 Rf2+ 40. Nd2 fxg6 41. fxg6 Rg2 42. Rg3 Rxg3 43. Ne4+ Ke5 44. Nxg3 Kf6 45. Nxh5+ Kxg6 46. Ng3 b5 47. a3 Kh6 48. Kd2 Kg6 49. Ne4 b4 50. axb4 Nxb4 51. Kc3 Nd3 52. Ng3 Ne5 53. h5+ Kg5 54. Kd4 Kf6 55. Ne4+ Ke6 56. h6 Ng6 57. Kxc4 Kf5 58. Kd4 Nf8 59. Nc5 Kf6 60. b4 Ng6 61. b5 Ne7 62. Ne4+ Ke6 63. h7 Ng6 64. Kc5 Kd7 65. Kb6 Nh8 66. Ka7 1-0

[Event "Khanty-Mansiysk Governor Cup Rapid 20th"]
[Site "Khanty-Mansiysk"]
[Date "2024.11.24"]
[Round "8"]
[White "Belyakov, Bogdan"]
[Black "Kleymenova, Valeria"]
[Result "1/2-1/2"]
[WhiteElo "2372"]
[BlackElo "2035"]
[PlyCount "78"]
[EventDate "2024.11.23"]
[EventType "swiss (rapid)"]
[EventRounds "11"]
[EventCountry "RUS"]
[SourceTitle "CB48_2024"]
[SourceDate "2024.11.28"]
[SourceVersion "1"]
[SourceVersionDate "2024.11.28"]
[SourceQuality "1"]

1. e4 c5 2. Nf3 d6 3. Bb5+ Bd7 4. Bxd7+ Qxd7 5. c4 Nf6 6. Nc3 g6 7. d4 cxd4 8. Nxd4 Bg7 9. f3 0-0 10. Be3 Nc6 11. 0-0 e6 12. Qd2 Rfd8 13. Rfd1 d5 14. cxd5 exd5 15. Nxc6 bxc6 16. Bh6 dxe4 17. Qxd7 Rxd7 18. Rxd7 Nxd7 19. Bxg7 Kxg7 20. Nxe4 f5 21. Rd1 Ne5 22. Nc5 Re8 23. f4 Ng4 24. h3 Nf6 25. Rd6 Re2 26. Rxc6 Nd5 27. Ne6+ Kf7 28. Rd6 Ne3 29. Ng5+ Ke7 30. Ra6 Nxg2 31. Rxa7+ Kd6 32. Ra6+ Kd5 33. Ra4 Rxb2 34. Nxh7 Ne3 35. Ng5 Rg2+ 36. Kh1 Rf2 37. Kg1 Rg2+ 38. Kh1 Rf2 39. Kg1 Rg2+ 1/2-1/2

[Event "Khanty-Mansiysk Governor Cup 20th"]
[Site "Khanty-Mansiysk"]
[Date "2024.11.09"]
[Round "5"]
[White "Lilov, Aleksandr"]
[Black "Kleymenova, Valeria"]
[Result "1-0"]
[WhiteElo "2187"]
[BlackElo "2035"]
[PlyCount "131"]
[EventDate "2024.11.05"]
[EventType "swiss"]
[EventRounds "9"]
[EventCountry "RUS"]
[SourceTitle "CB47_2024"]
[SourceDate "2024.11.20"]
[SourceVersion "1"]
[SourceVersionDate "2024.11.20"]
[SourceQuality "1"]

1. e4 c5 2. Nf3 d6 3. d4 cxd4 4. Nxd4 Nf6 5. Nc3 a6 6. Be3 e6 7. g4 e5 8. Nf5 g6 9. Bg2 gxf5 10. exf5 h5 11. h3 d5 12. Qe2 d4 13. 0-0-0 Qe7 14. Na4 Nbd7 15. Bg5 Bg7 16. f4 exf4 17. Qd2 Ne4 18. Rhe1 Qxg5 19. Rxe4+ Kf8 20. Bf3 Kg8 21. Re8+ Kh7 22. h4 Qxh4 23. Qe2 Rxe8 24. Qxe8 Qf2 25. Qxf7 Qxf3 26. Qxh5+ Kg8 27. Re1 Nf8 28. Re7 Qf1+ 29. Kd2 Qg2+ 30. Kd1 Qf1+ 31. Kd2 Qf2+ 32. Kd1 Qf1+ 33. Kd2 Qg2+ 34. Kd1 Qf1+ 35. Kd2 Qg2+ 36. Kd1 Qf3+ 37. Kd2 Qd5 38. Rxg7+ Kxg7 39. f6+ Kxf6 40. Qxd5 Bxg4 41. Qxd4+ Kg5 42. Nc5 Ng6 43. Ne4+ Kh6 44. Qf6 Bf3 45. Nd6 Rf8 46. Nf7+ Kh7 47. Qe6 Bc6 48. Qh3+ Kg7 49. Ng5 Rd8+ 50. Kc3 Kf6 51. Qg4 Rh8 52. Ne6 Rh4 53. Qg5+ Kxe6 54. Qxg6+ Kd7 55. Qf7+ Kc8 56. Qf8+ Kd7 57. Qf6 Rh3+ 58. Kd4 Rf3 59. Kc5 Rf1 60. Qh4 Rc1 61. Qg4+ Ke7 62. Qf5 Rf1 63. Qh7+ Kf6 64. Qh6+ Ke5 65. Qd6+ Kf5 66. Qd3+ 1-0

[Event "Cheliabinsk Kurnosov Memorial Rapid"]
[Site "Cheliabinsk"]
[Date "2024.09.07"]
[Round "3"]
[White "Pingin, Artem"]
[Black "Kleymenova, Valeria"]
[Result "1-0"]
[WhiteElo "2438"]
[BlackElo "2035"]
[PlyCount "51"]
[EventDate "2024.09.07"]
[EventType "swiss (rapid)"]
[EventRounds "11"]
[EventCountry "RUS"]
[SourceTitle "EXT 2025"]
[Source "ChessBase"]
[SourceDate "2024.10.14"]
[SourceVersion "1"]
[SourceVersionDate "2024.10.14"]
[SourceQuality "1"]

1. e4 c5 2. Nf3 d6 3. d4 cxd4 4. Nxd4 Nf6 5. Nc3 a6 6. Be2 e6 7. 0-0 Be7 8. f4 Qc7 9. a4 Nc6 10. Be3 Bd7 11. Nb3 0-0 12. Kh1 Nb4 13. a5 d5 14. Bb6 Qc8 15. e5 Ne4 16. Nxe4 dxe4 17. c4 Bc6 18. Qd2 Qd7 19. Nd4 Rfc8 20. Qc3 Ba4 21. Qe3 Bd8 22. b3 Bxb6 23. axb6 Bc6 24. f5 exf5 25. Nxf5 h6 26. Qg3 1-0

[Event "Asia-ch U16 Girls"]
[Site "Al Ain"]
[Date "2023.12.20"]
[Round "8"]
[White "Kleymenova, Valeria"]
[Black "Cera, Dagaria"]
[Result "1-0"]
[WhiteElo "2182"]
[BlackElo "1549"]
[PlyCount "65"]
[EventDate "2023.12.14"]
[EventType "swiss"]
[EventRounds "9"]
[EventCountry "UAE"]
[SourceTitle "EXT 2025"]
[Source "ChessBase"]
[SourceDate "2024.10.14"]
[SourceVersion "1"]
[SourceVersionDate "2024.10.14"]
[SourceQuality "1"]

1. d4 Nf6 2. c4 c5 3. d5 b5 4. cxb5 a6 5. bxa6 Bxa6 6. Nc3 g6 7. e4 Bxf1 8. Kxf1 d6 9. Nf3 Bg7 10. g3 0-0 11. Kg2 Qb6 12. a4 Na6 13. Qe2 Nc7 14. Nd2 Nd7 15. Ra3 Rfb8 16. Re1 Qb7 17. Nc4 Qa6 18. Bg5 Kf8 19. Rea1 Nb6 20. Nb5 Qc8 21. e5 Nxc4 22. Bxe7+ Kxe7 23. exd6+ Kf8 24. Qe7+ Kg8 25. dxc7 Rb7 26. Rf3 Qf8 27. Re1 Bxb2 28. d6 Ne5 29. Rxe5 Bxe5 30. Qxe5 Re8 31. Qd5 Rb6 32. d7 Rbe6 33. dxe8Q 1-0

[Event "Asia-ch U16 Girls"]
[Site "Al Ain"]
[Date "2023.12.18"]
[Round "6"]
[White "Mashhadi, Fatemeh"]
[Black "Kleymenova, Valeria"]
[Result "0-1"]
[WhiteElo "1830"]
[BlackElo "2182"]
[PlyCount "80"]
[EventDate "2023.12.14"]
[EventType "swiss"]
[EventRounds "9"]
[EventCountry "UAE"]
[SourceTitle "EXT 2025"]
[Source "ChessBase"]
[SourceDate "2024.10.14"]
[SourceVersion "1"]
[SourceVersionDate "2024.10.14"]
[SourceQuality "1"]

1. d4 d5 2. c4 e6 3. Nc3 c6 4. e4 dxe4 5. Nxe4 Bb4+ 6. Nc3 Nf6 7. Nf3 c5 8. a3 Bxc3+ 9. bxc3 Nc6 10. Be3 Qa5 11. Qc2 cxd4 12. Nxd4 Nxd4 13. Bxd4 e5 14. Be3 Bf5 15. Qb2 0-0 16. Be2 Bg4 17. f3 Be6 18. 0-0 Qc7 19. c5 Bf5 20. c4 Nd7 21. f4 exf4 22. Rxf4 Bg6 23. h4 Rfe8 24. Qd4 Rad8 25. Raf1 Nf6 26. Qc3 Ne4 27. Qe1 Nxc5 28. Qf2 Ne4 29. Qf3 Nc3 30. Re1 Qa5 31. Bf2 Ne4 32. h5 Nxf2 33. Rf1 Bd3 34. Bxd3 Nxd3 35. Rxf7 Qc5+ 36. Kh1 Qg5 37. Rxb7 Ne5 38. Qh3 Ng4 39. Rb5 Rf8 40. g3 Qd2 0-1